They can't go home again ; the story of America's political refugees /

Bibliographic Details
Main Author: Killmer, Richard L.
Other Authors: Lecky, Robert S., Wiley, Debrah S.
Format: Book
Language:English
Published: Philadelphia : [United Church Press], [1971]
Subjects:

MARC

Tag First Indicator Second Indicator Subfields
LEADER 00000cam a2200000 4500
001 in00000263321
005 20151010053113.0
008 710624s1971 pau 00010deng
010 |a  76153456  
020 |a 0829801995 
035 |a (OCoLC)00146444 
035 |9 ABC3243AM 
040 |a DLC  |c DLC  |d TXA  |d UtOrBLW 
043 |a n-cn---  |a n-us---  |a a-vt--- 
049 |a TXAM  |c [1143703] 
050 0 0 |a F1035.A5  |b K5 
082 0 |a 959.7/04/31 
100 1 |a Killmer, Richard L. 
245 1 0 |a They can't go home again ;  |b the story of America's political refugees /  |c [by] Richard L. Killmer, Robert S. Lecky [and] Debrah S. Wiley. With an introd. by Edward I. Koch. 
264 1 |a Philadelphia :  |b [United Church Press],  |c [1971] 
300 |a 118 pages ;  |c 22 cm. 
336 |a text  |b txt  |2 rdacontent 
337 |a unmediated  |b n  |2 rdamedia 
338 |a volume  |b nc  |2 rdacarrier 
650 0 |a Americans  |z Canada. 
650 0 |a Vietnam War, 1961-1975  |x Draft resisters. 
651 0 |a Canada  |x Emigration and immigration. 
651 0 |a United States  |x Emigration and immigration. 
700 1 |a Lecky, Robert S. 
700 1 |a Wiley, Debrah S. 
999 |a MARS 
999 f f |s 32c66f41-d904-30d9-b367-5a8ca40e4475  |i 89e30357-22b4-3c23-a113-e879f90a8a79  |t 0 
952 f f |p normal  |a Texas A&M University  |b College Station  |c Sterling C. Evans Library  |d Evans: Library Stacks  |t 0  |e F1035.A5 K5  |h Library of Congress classification  |i unmediated -- volume  |m A14802330288 
998 f f |a F1035.A5 K5  |t 0  |l Evans: Library Stacks